000 002510000a22000970004500
100 1 _aChial, Douglas L.
245 1 0 _aCovenanting for justice
300 _aVol. 53, Num. 2 & 3, (Octubre, 2003), Páginas 136-143
773 0 _tReformed World
942 _cANA
999 _c55654
_d55654